A short course in international payments : how to use letters of credit, D/P and D/A terms, prepayment, credit, and cyberpayments in international transactions /

Bibliographic Details
Main Author: Hinkelman, Edward G., 1947-
Format: Book
Language:English
Published: Novato, Calif. : World Trade Press, [2003]
Edition:2nd ed.
Series:Short course in international trade series.
Subjects:

MARC

Tag First Indicator Second Indicator Subfields
LEADER 00000cam a22000004a 4500
001 in00002000761
005 20151031123704.0
008 021118s2003 caua b 000 0 eng
010 |a  2002193354 
020 |a 188507364X 
035 |a (OCoLC)ocm51086219 
040 |a DLC  |c DLC  |d EZU  |d OCLCQ  |d TXA  |d UtOrBLW 
042 |a pcc 
049 |a TXAM 
050 0 0 |a HG3741  |b .H56 2003 
082 0 0 |a 658.15/5  |2 21 
100 1 |a Hinkelman, Edward G.,  |d 1947- 
245 1 2 |a A short course in international payments :  |b how to use letters of credit, D/P and D/A terms, prepayment, credit, and cyberpayments in international transactions /  |c Edward G. Hinkelman. 
246 3 0 |a International payments 
250 |a 2nd ed. 
264 1 |a Novato, Calif. :  |b World Trade Press,  |c [2003] 
264 4 |c ©2003 
300 |a viii, 182 pages :  |b illustrations ;  |c 26 cm. 
336 |a text  |b txt  |2 rdacontent 
337 |a unmediated  |b n  |2 rdamedia 
338 |a volume  |b nc  |2 rdacarrier 
490 1 |a The Short course in international trade series 
504 |a Includes bibliographical references (page 182). 
505 0 |a Key issues in international payments -- Introducing the buyer and the seller -- Introducing the basic terms of payment -- Foreign exchange basics -- Contract basics -- Incoterms 2000 -- Notes on granting and obtaining credit -- Drafts and acceptances -- Documentary collections -- Documentary credits, Part 1: Basic procedure -- Documentary credits, Part 2: Settlement (Making payments) -- Documentary credits, Part 3: Standard credits -- Documentary credits, Part 4: Special letters of credit -- Documentary credits, Part 5: Issues and checklists -- Sample bank fees -- Doucments -- Document checklist -- Cyberpayments. 
650 0 |a Negotiable instruments. 
650 0 |a Payment. 
650 0 |a Documentary credit. 
650 0 |a Foreign exchange. 
650 0 |a Electronic funds transfers. 
650 0 |a International trade. 
650 0 |a Electronic commerce. 
650 0 |a International business enterprises  |x Finance. 
830 0 |a Short course in international trade series. 
994 |a E0  |b TXA 
948 |a cataloged  |b h  |c 2004/10/18  |d c  |e bwalker  |f 11:33:41 am 
999 |a MARS 
999 f f |s 82bf635f-d728-3f92-8565-10efd77671d9  |i 166339ab-aeb6-3f6c-ba18-b2d9ecac934d  |t 0 
952 f f |p ric  |a Texas A&M University  |b Rellis Campus  |c Joint Library Facility  |d Remote Storage  |t 0  |e HG3741 .H56 2003  |h Library of Congress classification  |i unmediated -- volume  |m A14831356211 
998 f f |a HG3741 .H56 2003  |t 0  |l Remote Storage